Phương pháp giải toán hình học

Uloženo v:
Podrobná bibliografie
Hlavní autor: Lê Hồng Đức
Médium: Kniha
Jazyk:Undetermined
Vydáno: Hà Nội Đại học Sư phạm Hà Nội 2004
Témata:
Tagy: Přidat tag
Žádné tagy, Buďte první, kdo otaguje tento záznam!
Thư viện lưu trữ: Trung tâm Học liệu Trường Đại học Cần Thơ
LEADER 00618nam a2200205Ia 4500
001 CTU_90792
008 210402s9999 xx 000 0 und d
020 |c 26000 
082 |a 516.0076 
082 |b Đ552/T3 
100 |a Lê Hồng Đức 
245 0 |a Phương pháp giải toán hình học 
245 0 |c Lê Hồng Đức 
260 |a Hà Nội 
260 |b Đại học Sư phạm Hà Nội 
260 |c 2004 
650 |a mathematics 
650 |x study and teaching ( secondary ),problems,exercises 
904 |i Trúc 
980 |a Trung tâm Học liệu Trường Đại học Cần Thơ